<?xml version="1.0" encoding="UTF-8"?>
<record
    xmlns:xsi="http://www.w3.org/2001/XMLSchema-instance"
    xsi:schemaLocation="http://www.loc.gov/MARC21/slim http://www.loc.gov/standards/marcxml/schema/MARC21slim.xsd"
    xmlns="http://www.loc.gov/MARC21/slim">

  <leader>00656nam a2200169Ia 4500</leader>
  <controlfield tag="008">090711s9999    xx            000 0 und d</controlfield>
  <datafield tag="082" ind1=" " ind2=" ">
    <subfield code="b">23</subfield>
  </datafield>
  <datafield tag="100" ind1=" " ind2=" ">
    <subfield code="a">&#x92A;&#x93E;&#x920;&#x915; &#x938;&#x941;&#x930;&#x947;&#x936; &#x930;&#x93E;.</subfield>
  </datafield>
  <datafield tag="245" ind1=" " ind2=" ">
    <subfield code="a">&#x92E;&#x932;&#x93E; &#x938;&#x92E;&#x91C;&#x932;&#x947;&#x932;&#x93E; &#x926;&#x93E;&#x938;&#x92C;&#x94B;&#x927; (&#x916;&#x902;&#x921; 2 &#x930;&#x93E;)</subfield>
  </datafield>
  <datafield tag="260" ind1=" " ind2=" ">
    <subfield code="b">&#x938;&#x94D;&#x935;&#x93E;&#x92E;&#x940; &#x92A;&#x94D;&#x930;&#x915;&#x93E;&#x936;&#x928;</subfield>
    <subfield code="c">2001</subfield>
  </datafield>
  <datafield tag="300" ind1=" " ind2=" ">
    <subfield code="a">256</subfield>
  </datafield>
  <datafield tag="600" ind1=" " ind2=" ">
    <subfield code="a">&#x92A;&#x93E;&#x920;&#x915; &#x938;&#x941;&#x930;&#x947;&#x936; &#x930;&#x93E;.</subfield>
  </datafield>
  <datafield tag="630" ind1=" " ind2=" ">
    <subfield code="a">&#x92E;&#x932;&#x93E; &#x938;&#x92E;&#x91C;&#x932;&#x947;&#x932;&#x93E; &#x926;&#x93E;&#x938;&#x92C;&#x94B;&#x927; (&#x916;&#x902;&#x921; 2 &#x930;&#x93E;)</subfield>
  </datafield>
  <datafield tag="700" ind1=" " ind2=" ">
    <subfield code="a">&#x92A;&#x93E;&#x920;&#x915; &#x938;&#x941;&#x930;&#x947;&#x936; &#x930;&#x93E;.</subfield>
  </datafield>
  <datafield tag="730" ind1=" " ind2=" ">
    <subfield code="a">&#x92E;&#x932;&#x93E; &#x938;&#x92E;&#x91C;&#x932;&#x947;&#x932;&#x93E; &#x926;&#x93E;&#x938;&#x92C;&#x94B;&#x927; (&#x916;&#x902;&#x921; 2 &#x930;&#x93E;)</subfield>
  </datafield>
  <datafield tag="942" ind1=" " ind2=" ">
    <subfield code="c">BOOK</subfield>
  </datafield>
  <datafield tag="999" ind1=" " ind2=" ">
    <subfield code="c">339210</subfield>
    <subfield code="d">339207</subfield>
  </datafield>
</record>
